[Event "Tirnavia-A"]
[Site "Trnava SVK"]
[Date "1987.??.??"]
[Round "?"]
[White "Banas, Jan"]
[Black "Kindermann, Stefan"]
[Result "1-0"]
[WhiteElo "2400"]
[BlackElo "2520"]
[EventDate "1987.03.??"]

{
http://ctart.chessok.com/course/chess-opening-semi-open-games-1-e4/pirc-ufimtsev-defence/classical-variation/other-variations
} 
1. e4 d6 2. d4 Nf6 3. Nc3 g6 4. f4 ( 4. Nf3 ) 4. ... Bg7 5. Nf3 ( {
Immediate } 5. e5 {gives nothing for White} 5. ... dxe5 ( {Black can to 
avoid simplifications by} 5. ... Nfd7 6. Be3 c5 7. Bb5 O-O 8. Nf3 cxd4 9. 
Bxd4 dxe5 10. fxe5 a6 {Black has equal chances (Gurgenidze - Timman 1971)}
) 6. dxe5 Qxd1+ 7. Kxd1 Ng4 8. Ke1 c6 9. h3 Nh6 10. g4 f6 11. exf6 exf6 
12. Bc4 f5 {with acceptable position for Black (Bronstein - Tseshkovsky 
1981.)} ) 5. ... O-O ( {Also occurs } 5. ... c5 6. Bb5+ ( 6. dxc5 Qa5 7. 
Bd3 Qxc5 8. Qe2 O-O 9. Be3 Qa5 10. O-O Bg4 { The problem of the black 
c8-bishop is an important nuance in this variation} ( {After } 10. ... Nc6
11. h3! Bd7 12. a3 Rfc8 13. Qf2 Be8 14. f5 {Black is deprived of counter 
play and White organizes an assault in the center and on the kingside} ) 
11. h3 Bxf3 12. Qxf3 Nc6 13. a3 Nd7 14. Bd2 Qd8 15. Kh1 {with slightly 
better chances for White, though Black retains good counter chances 
(Arnason - J. Kristiansen 1987)} ) 6. ... Bd7 7. e5 Ng4 8. e6 ( 8. h3 cxd4
9. Qxd4 Bxb5 10. Nxb5 Nc6 11. Qe4 Qb6! {Black obtains sufficient counter 
play} ) ( {an interesting continuation is} 8. Bxd7+ Qxd7 9. d5 dxe5 10. h3
e4 11. Nxe4 Nf6 12. Nxf6+ Bxf6 13. O-O O-O 14. c4 {with better chances for
White (Ioseliani - An Yangfeng 1985)} ) 8. ... Bxb5 9. exf7+ Kd7 10. Nxb5 
Qa5+ 11. Nc3 {see Oll - Gurevich} ) 6. e5 ( {Less often occurs now 
continuation} 6. Be2 c5 7. dxc5 Qa5 8. O-O Qxc5+ 9. Kh1 Nbd7 10. Bd3 a6 
11. Qe1 b5 12. Be3 Qc7 13. Qh4 Bb7 {Black has obtained a complex position,
which is characteristic of the Pirc-Ufimtsev defense, Mortensen - Schmidt 
1983} ) ( 6. Be3 {This is a fashionable idea.} 6. ... c5 ( {probably 
better is} 6. ... Nc6 7. Qd2 a6 8. O-O-O b5 {Watson - Norwood 1986} ) 7. 
dxc5 Qa5 8. Qd2 dxc5 9. Nb5 Qa4 10. e5 Ne4 11. Qd3 Qb4+ 12. Nd2 Bf5 13. 
Nc7 Nc6 14. Nxa8 Rd8 15. Qa3 { White obtained some advantage (Beliavsky - 
Timman 1986)} ) ( {The move} 6. Bd3 { is quite often employed, being 
primarily directed against the undermining continuation } 6. ... c5 { that
can be followed by:} ( {After} 6. ... Nc6 {Black loses an opportunity of 
undermining the opponent's center and White can successfully play } 7. e5 
dxe5 8. fxe5 Nd5 ( 8. ... Nh5 9. Be3 ( {after } 9. Be2 Bg4 10. Be3 f6 {
Black has sufficient counter play} ) 9. ... Bg4 10. Bc4 Kh8 11. Qd2 f6 12.
 exf6 Bxf6 13. O-O Bxf3 14. Rxf3 {White obtains better chances (Karpov - 
Nikolaevsky, 1971)} ) 9. Ne4 ) ( 6. ... Na6 {White obtains advantage by} 
7. O-O ( 7. e5 {gives nothing} 7. ... Nd7 8. Ng5 dxe5 9. fxe5 Nb6 10. Be4 
c5 11. d5 Bxe5 12. Nxh7 Bxc3+ 13. bxc3 Kxh7 14. Qh5+ Kg8 15. Bxg6 fxg6 16.
 Qxg6+ Kh8 {and White obtains only draw (Sveshnikov - Davies 1987)} ) 
7. ... c5 8. d5 Bg4 9. Bc4 Nc7 10. h3 Bxf3 11. Qxf3 Nd7 12. a4 a6 13. Rd1 
Rb8 14. a5 ) ( 6. ... Bg4 {see Fischer - Benko} ) 7. dxc5 dxc5 ( {it is 
impossible } 7. ... Qa5 {because of e4-pawn defended with bishop} ) 8. Qe2
Be6 ( 8. ... Nc6 9. e5 Nd5 10. Nxd5 Qxd5 11. Be4 ) 9. f5 {with White's 
advantage} ) 6. ... Nfd7 ( 6. ... Ne8 { good is} 7. Be3 Nd7 ( {Pawn 
sacrifice} 7. ... c5 8. dxc5 Nc6 { gives unsufficient compensation for 
Black (Estrin - Karasev 1968)} 9. Be2 Qa5 10. cxd6 exd6 11. Qd5! Qb4 12. 
Qb5 ( 12. O-O-O {is also good} ) 12. ... dxe5 13. Qxb4 Nxb4 14. O-O-O {
White obtains advantage} ) 8. h4 {with dangerous attack for White} ) ( 
6. ... dxe5 7. fxe5 ( 7. dxe5 Qxd1+ 8. Kxd1 Rd8+ 9. Ke1 ( 9. Bd3 Ne8 10. 
Ke2 Nc6 11. Be3 Nb4 12. Bc4 Nxc2 13. Rad1 Bg4 14. Nb5 Bf8 {with equality 
(Barczay - Parma 1971)} ) 9. ... Ne8 10. Be3 Nc6 {Black has good counter 
play} ) 7. ... Nd5 8. Bc4 Be6 9. Qe2 Nxc3 10. bxc3 Bxc4 11. Qxc4 Nc6 12. 
O-O Na5 13. Qb4 { with counter chances} 13. ... b6 ) 7. h4 {By advancing 
this pawn White tries to discover the black king's position. } ( {
Interesting is pawn sacrifice} 7. e6!? {suggested by Konstantinopolsky} 
7. ... fxe6 8. Ng5 Nb6 ( 8. ... Nf6 9. Bc4 d5 10. Bd3 c5 11. dxc5 Nc6! { 
with complicated play} ) 9. Bd3 Nc6 10. Be3 Nb4 11. h4 Nxd3+ 12. Qxd3 Nd5 
13. h5 Qe8 14. O-O-O {White obtains the strongest attack} ) ( 7. Bc4 e6 ( 
{better is} 7. ... Nb6 8. Bb3 Nc6 9. Be3 Na5 10. Qe2 Nxb3 11. axb3 f6 {ith
equality (Unzicker - Tringov 1969)} ( 11. ... a6!? 12. Ne4 Nd5 13. Bd2 ) 
12. O-O a6 13. Rae1 c6 14. exd6 exd6 ) 8. Be3 a6 9. h4 b5 10. Bd3 c5 11. 
Be4! b4 12. Nb1 cxd4 13. Bxd4 {arises complex position with counter 
chances} ) 7. ... c5 ( 7. ... Nb6 8. h5 Bg4 9. hxg6 fxg6 10. Be2 dxe5 11. 
Ng5! Bf5 12. fxe5 h5 13. g4! hxg4 {Gipslis - Botvinnik, 1975. White could 
obtain strongest attack by } 14. Bxg4 Qd7 ( 14. ... Bxg4?? 15. Qxg4 +- ) 
15. Bxf5 Rxf5 16. Qd3 Nc6 17. Be3 Nb4 18. Qe4 ) 8. h5 ( {Interesting 
continuation} 8. e6!? { recommended by Estrin. White tries to compromise 
the position of the black king, after which the advance of the h-pawn 
gains force } 8. ... fxe6 9. h5 gxh5! ( {Bad is} 9. ... Nf6 10. hxg6 hxg6 
11. Bd3?! ( 11. dxc5! dxc5 12. Bd3 Nc6 13. Nh4 Nd5 14. Qg4 Rf7 15. Nxg6 
Nxc3 16. bxc3 Bxc3+ 17. Bd2 Bg7 ( 17. ... Bxa1 18. c3 +- ) 18. Qh5 Rf5 19.
 Bxf5 exf5 20. O-O-O +- ) 11. ... cxd4 12. Nxd4 ) ( 9. ... cxd4 10. Nxd4 
Nc5 11. hxg6 hxg6 12. Be3 Qb6 13. Nb3 ) 10. dxc5 ( 10. Rxh5 Nf6 11. Rh4 
cxd4 12. Nxd4 e5 13. Bc4+ d5! 14. Nxd5 e6! 15. Nxf6+ Qxf6 16. Nf3 e4 17. 
Ng5 h6 18. Qh5 Qd4! {Black has good counter play (G. Fridstein)} ) 10. ...
 Nxc5 11. Rxh5 Nbd7 12. Bd3 Nf6 13. Rh4 Bd7 14. Be3 Nxd3+ 15. Qxd3 Qe8 16.
 O-O-O {White obtains initiative for the pawn, Estrin - Sanakoev, (corr.) 
1970} ) 8. ... cxd4 9. Qxd4 ( {Variation } 9. hxg6 {leads to the great 
complications} 9. ... dxc3 10. Rxh7!? ( 10. gxf7+ { Black manages to 
refute attack:} 10. ... Rxf7 11. e6 cxb2 ( {but possible is} 11. ... Rf5 )
( {erroneously is} 11. ... Rf8 { in spite of} 12. exd7 Bxd7 13. Bc4+ e6 
14. Qd3 h6 15. Ng5 { I. Boleslavsky} 15. ... hxg5 16. Qh7+ Kf7 17. f5 Qf6 
18. Qh5+ Kg8! 19. Qh7+ Kf7 20. Qh5+ = ( 20. O-O? Ke7 21. fxe6 Qd4+ 22. Kh2
Qe5+ 23. g3 Rh8 -+ 24. Rf7+ Kd8 25. e7+ Ke8 26. Rf8+ -+ ) ( 20. fxe6+ Ke7 
21. exd7 cxb2 22. Rb1 bxc1=Q+ -+ ) ) 12. exf7+ Kf8 13. Bxb2 Bxb2 14. Bc4 
Qa5+ 15. Kf1 Nf6 16. Ng5 { Zhuravlev - Vitolinsh 1967 and now after} 
16. ... Qc3! {Black could to intercept initiative} ) 10. ... fxg6 11. Bc4+
e6! ( {Bad is} 11. ... Kxh7? 12. Ng5+ Kh8 13. Kf2! {Bussek - Spettel 1986}
) ) 9. ... dxe5 10. Qf2 e4 11. Nxe4 ( 11. Ng5 Nf6 12. hxg6 hxg6 13. Ncxe4 
Nxe4 14. Nxe4 { with equal play} ) 11. ... Nf6 12. Nxf6+ exf6 13. hxg6 
Re8+ 14. Be3 hxg6 15. Bd3 Qa5+ 16. c3 Bg4 17. O-O Nc6 18. Nd4 f5 19. Nxc6 
bxc6 20. Rfe1 Rad8 21. Bc2 Re7 22. Bb3 Rde8 23. Qg3 Bf6 24. Bf2 Re2 25. 
Rxe2 Rxe2 26. Re1 Rxb2 27. Qe3 Qc7 28. Qe8+ Kg7 29. Bc5 Bxc3 30. Qf8+ Kh7 
31. Bxf7 Bg7 32. Qg8+ Kh6 33. Bf8 Qb6+ 34. Kh1 1-0

[Event "Dubai ol (Men)"]
[Site "Dubai UAE"]
[Date "1986.11.29"]
[Round "13"]
[White "Speelman, Jon S"]
[Black "Mokry, Karel"]
[Result "1-0"]
[WhiteElo "2490"]
[BlackElo "2470"]
[EventDate "1986.11.??"]

1. e4 d6 2. d4 g6 3. Nc3 Nf6 4. Nf3 Bg7 5. Be2 ( {Less stronger is} 5. Bg5
{due to} 5. ... h6 6. Bh4 g5 7. Bg3 Nh5 {exchanging the darksquared bishop
that is important for White in this system} ) ( 5. Bc4 O-O 6. O-O Nxe4! 7.
 Nxe4 d5 {with simplification beneficial to Black} ) ( {On} 5. Bf4 {the 
best reply is} 5. ... c5! ( {weaker is} 5. ... Nbd7 {due to} 6. Qd2 O-O ( 
6. ... c5 7. dxc5 Nxc5 8. e5! Nce4 9. Qd3 dxe5 10. Qxd8+ Kxd8 11. Rd1+ Bd7
12. Nxe5 Nxc3 13. bxc3 Kc8 14. Nxf7 Rf8 15. Bc4 Ne4 16. O-O b5 17. Bb3 
Nxc3 18. Rd2 Ne4 19. Re2 e6 20. g3 Rxf7 21. Rxe4 +/- ) 7. O-O-O c6 8. e5 
Ne8 9. h4! {with strong attack} ) 6. dxc5 Qa5 7. Bb5+ Bd7 8. Bxd7+ Nbxd7 
9. cxd6 Nxe4 10. O-O Nxc3 11. bxc3 e5 12. Bg5 f6 13. Be3 O-O +/- 14. Qb1 
b6 15. Qb3+ Kh8 16. a4 Rfd8 17. Rfd1 ( 17. Nd2! Nc5 18. Qd5 Rac8 19. Nc4 
Qxc3 20. a5 b5 21. Bxc5 Qxc4 22. Qxc4 bxc4 23. Bxa7 +/- ) 17. ... Rac8 18.
 Ra3 Nc5 19. Qd5 Rd7 20. Nd2 Nb7 21. Qe6 Rcd8 22. Ne4 f5 23. Ng5 f4 24. 
Bc1 Nc5 25. Qd5 Rf8 26. c4 Nb7 27. Rad3 Qxd5 28. Rxd5 Rc8 29. Ne6 Rxc4 30.
 Nxg7 Kxg7 31. Bb2 Kf7 32. Bxe5 Ke6 33. h3 Rxa4 34. g3 fxg3 35. Bxg3 Rc4 
36. Re5+ Kf6 37. Re2 Nc5 38. Kg2 Ne4 39. Bh2 Nc3 40. Be5+ Kf7 {0-1(59) 
Krasnov, Sergey - Liberzon, Vladimir M / Burevestnik CC Ch (?), Soviet 
Union 1963} ) ( 5. h3 {In this way White tries to weaken the pressure of 
the black pieces on the center and also to secure a reliable position for 
the queen's bishop on e3.} 5. ... O-O ( 5. ... c5 6. dxc5 ( 6. e5?! dxe5 
7. Bb5+ Nc6 ( 7. ... Kf8 ) 8. d5 a6 9. Ba4 b5 10. dxc6 Qxd1+ 11. Nxd1 bxa4
12. Nc3 Bf5 =+ ) 6. ... Qa5 7. Bb5+ Bd7 8. Bxd7+ Nbxd7 9. cxd6 Nxe4 10. 
O-O Nxc3 11. bxc3 e6 ( 11. ... Bxc3? 12. Rb1 +/- ) 12. Rb1 b6 13. Nd4 Qxa2
14. Rb3 O-O 15. Nc6 += ) 6. Be3 c6 ( 6. ... a6 7. a4 b6 8. Bc4 Nc6 9. e5 
Ne8 10. Bf4 Na5 11. Ba2 c5 12. dxc5 bxc5 13. O-O { with advantage (Short -
Speelman 1987))} 13. ... Rb8 14. Rb1 Be6 15. Qe2 += ) 7. a4 Nbd7 ( 7. ... 
a5 8. Nd2! Na6 9. Be2 c5 10. dxc5 Nxc5 11. e5 {with White's active play 
(Morozevich - Piket 1995)} ) ( {Deseving attention attempt of play in 
centre:} 7. ... d5 8. e5 Ne4 9. Nxe4 dxe4 10. Ng5 c5 11. c3 cxd4 12. cxd4 
+= ) 8. a5 e5 9. dxe5 dxe5 10. Qd6! Re8 ( 10. ... Ne8?! 11. Qd2 Qe7 12. 
Bc4 Nc5?! 13. b4 Ne6 14. Bxe6 Bxe6 15. Bc5 Qc7 16. O-O! {wth obvious 
advantage (Tal - Quinteros 1987)} ) 11. Bc4 Qe7 12. Qxe7 Rxe7 13. O-O {
with slightly better play (Nunn - Todorcevic 1987).} ) 5. ... O-O 6. O-O 
c6 ( {Also possible is} 6. ... Nbd7 7. e5 Ne8 8. Bf4 Nb6 9. Re1 c6 10. h3 
Nc7 11. Bg3 f5 12. exf6 ( 12. exd6 exd6 13. a4 a5 14. Qd2 Re8 15. Qf4 ) 
12. ... exf6 13. Bd3 f5 14. Bh4 Bf6 15. Bxf6 Qxf6 16. Qd2 Be6 17. Qf4 Rad8
18. Qg5 Kg7 19. Qxf6+ Kxf6 20. Nd2 Bf7 {0-1(50) Filip, Miroslav (2579) - 
Petrosian, Tigran A (2680) / Candidates Tournament (21), Curacao AHO 1962}
) ( {Often occurs } 6. ... Bg4 { preventing from} 7. e5 ( 7. Be3 Nc6 8. 
Qd2 ( {more simple way obtaining advantage:} 8. d5 Bxf3 9. Bxf3 Ne5 10. 
Be2 c6 11. a4 Qa5 12. Ra3 {White obtains two bishops and an opportunity to
launch strategic operations on both flanks, Kengis - M. Gurevich 1996} ) 
8. ... e5 9. d5 ( 9. dxe5 dxe5 10. Rad1 {with minimal advantage for Whit} 
) 9. ... Ne7 10. Rad1 b5 ( {possible is} 10. ... Bd7 11. Ne1 Ng4 12. Bxg4 
Bxg4 13. f3 Bd7 14. f4 Bg4 15. Nf3 f5 16. fxe5 dxe5 17. h3 Bxf3 18. Rxf3 
Qd7 19. Qd3 Nc8 { Pfleger - Adorjan 1978} ) ( 10. ... Nc8 11. h3 Bd7!? 12.
 Bg5 Qe8 13. Nh2 b5 14. Bf3 Kh8 15. Ne2 Ng8 16. Ng3 Nce7 {Balashov - Hickl
1987. With approximate equality in both cases} ) 11. Bxb5 Nxe4 ( {worse is
} 11. ... Bxf3 12. gxf3 Nh5 13. Kh1 Qc8 14. Rg1 Qh3 15. Be2 f5 16. Qd3 Nf4
17. Bxf4 exf4 18. Nb5 +/- {with White's obvious advantage (Ridsitano - 
Wolf 1983)} 18. ... Rfc8 19. Nd4 a5 20. Ne6 Bxb2 21. c3 Rf8 22. Rb1 fxe4 
23. fxe4 Qxd3 24. Bxd3 Rfb8 25. Nxc7 Ra7 26. Nb5 Rxb5 27. Bxb5 Bxc3 +- ) 
12. Nxe4 f5 13. Neg5 f4 14. Ne6 Bxe6 15. dxe6 fxe3 16. Qxe3 c6 17. Bc4 {
White retains slight advantage (Venni - Segatti 1986)} ) 7. ... Nfd7 8. h3
Bxf3 9. Bxf3 Nc6 ) ( {Black can to select immediate} 6. ... e5 {and 
continuation } 7. dxe5 dxe5 8. Qxd8 Rxd8 9. Bg5 ( 9. Nxe5 { is not 
dangerous due to} 9. ... Nxe4 10. Nxe4 ( 10. Nxf7? Nxc3 11. Bc4 Rd4 -+ ) 
10. ... Bxe5 11. c3 Bf5 12. Nc5 b6 13. Bf3 c6 14. Re1 f6 15. Nb3 += ) 
9. ... Bg4 10. Rad1 Nbd7 11. h3 Be6 12. Be3 h6 13. Rd2 Ne8 14. Rfd1 += ) (
6. ... a6 7. Re1 ( 7. h3 Nc6 8. Be3 e6 9. a4 += ) 7. ... Nc6 ( 7. ... b5 
8. e5! Ne8 ( {very bad is} 8. ... Nfd7? 9. e6! fxe6 10. Ng5 Nf6 11. Bf3 
+/- {with overwhelming position} ) 9. a4 b4 10. Nd5! +/- {White has better
perspectives} ) 8. d5 Ne5 9. Nxe5 dxe5 10. Be3 Qd6 11. Qd3! {with 
favourable perspectives (Miles - Kavalek 1977).} ) 7. a4 {White prevents 
the b7-b5 advance. } ( 7. h3 e5 8. Re1 ( 8. dxe5 dxe5 9. Be3 Qe7 10. Qd2 
Rd8 11. Bc5 Rxd2 12. Bxe7 Rxc2 13. Bd3 Rxb2 14. Na4 Rb6 15. Bc4 Be6 16. 
Rfd1 Nbd7 17. Bxe6 fxe6 18. Nxb6 axb6 19. a4 += ) 8. ... exd4 ( 8. ... 
Nbd7 9. dxe5 dxe5 += ) 9. Nxd4 Re8 10. Bg5 h6 11. Bh4 Qb6 {leads to the 
equality} ) ( 7. Re1 Nbd7 8. Bf4 Qa5 9. Nd2 Qc7 10. d5 Nc5 11. Bf1 Bd7 12.
 a4 Rfc8 {Black successfully regroups and retains equal chances (Konopka -
Azmaiparashvili 1986)} ) ( 7. Bf4 Bg4 8. Qd2 Nbd7 9. Rad1 Bxf3 10. Bxf3 e5
11. Be3 += { White obtains slight but firm advantage} ) 7. ... a5 {This is
a standard technique - Black exploits the weakening of the b4-square and 
transfers the knight there via a6. } ( 7. ... Bg4 8. Nd2 Bxe2 9. Qxe2 d5 
10. e5 Ne8 11. Nf3 Nc7 12. h4 Ne6 13. h5 Na6 14. Be3 Nac7 15. Qd3 a5 {
1-0(41) Polugaevsky, Lev (2650) - Malich, Burkhard Dr (2461) / Sarajevo 
08th (7), Sarajevo BIH 1965} ) ( {Other continuations gives no equality: }
7. ... Nbd7 8. Re1 e5 9. a5 exd4 10. Nxd4 Re8 11. Bf1 Nc5 12. f3 ) ( 
7. ... Qc7 8. h3 e5 9. dxe5 dxe5 10. Bc4 Nh5 11. Re1 Nd7 12. Be3 Nf4 13. 
a5 {Browne - Tolbut, 1978. In all cases White obtains slight but firm 
advantage.} ) 8. h3 ( 8. Be3 Ng4 9. Bg5 h6 10. Bh4 Na6 11. Re1 Nb4 12. Bc4
g5 13. Bg3 Nf6 {with unclear play (Browne - Hort 1975.)} ) 8. ... Na6 9. 
Be3 Nb4 10. Nd2 d5 ( 10. ... e5 11. Nc4 exd4 12. Bxd4 d5 13. Nb6 {gives no
equality} ) 11. e5 Ne8 12. Na2 Nxa2 13. Rxa2 f6 14. f4 fxe5 15. fxe5 Rxf1+
16. Bxf1 { White has preferable chances.} 16. ... Nc7 17. Bd3 Be6 18. Ra3 
Qd7 19. Qe1 Rf8 20. Qh4 Bf5 21. Nf3 Ne6 22. Bxf5 Rxf5 23. Rb3 b5 24. axb5 
cxb5 25. Ra3 a4 26. b3 Bf8 27. Qe1 Nf4 28. Bxf4 Rxf4 29. Ra1 e6 30. Qa5 a3
31. b4 Qc6 32. Rxa3 Qxc2 33. Kh2 Qc6 34. Qa6 Qxa6 35. Rxa6 Bxb4 36. Ng5 
Rf8 37. Nxe6 Rb8 38. Nc7 Bc3 39. Nxd5 Bxd4 40. Ne7+ Kf7 41. Nc6 Rb6 42. 
e6+ Kf6 43. e7 Kf7 44. Ra8 Be5+ 45. Nxe5+ Kxe7 46. Ra7+ Kd6 47. Nd3 h6 48.
 Kg3 Kd5 49. Rd7+ Kc4 50. Kf4 b4 51. Ke3 b3 52. Rc7+ Kd5 53. Rc5+ Kd6 54. 
Rc1 Kd5 55. Nf4+ Ke5 56. Rb1 Kf5 57. Rb2 h5 58. Ne2 1-0

[Event "Dhaka"]
[Site "Dhaka BAN"]
[Date "1997.??.??"]
[Round "1"]
[White "Plaskett, H James"]
[Black "Murshed, Niaz"]
[Result "1-0"]
[WhiteElo "2455"]
[BlackElo "2505"]

1. e4 d6 2. d4 Nf6 3. Nc3 g6 4. f3 Bg7 5. Be3 {an aggressive set-up which 
involves Qd2 and 0-0-0 followed by a kingside attack. This plan is similar
to the one from the Saemisch system in the King's Indian Defense, but, 
unlike in the King's Indian, where the c-pawn stands on c4, here it is on 
c2. It is hard to say to whose benefit this difference is. On one hand, 
White has an extra tempo for mobilization of his pieces; on the other 
hand, Black has more possibilities to get queenside counterplay involving 
the b7-b5 advance.} 5. ... O-O 6. Qd2 c6 7. h4! {Launching an attack on 
the black king shelter right away. } 7. ... e5 ( 7. ... Nbd7 8. Bh6! e5 9.
 dxe5 dxe5 10. O-O-O Qe7 11. h5! Nxh5 12. g4 Nf4 13. Qh2! Bxh6 14. Qxh6 f6
15. Bc4+ Kh8 16. Nh3! +/- {Mukhin - Savon, 1963} ) 8. Nge2 exd4 9. Nxd4 d5
10. O-O-O! dxe4 11. Bh6! Qe7 12. h5! {A typical method of the kingside 
offensive. } 12. ... c5 13. hxg6! fxg6 14. Bc4+ Kh8 15. Bg5! cxd4 16. 
Rxh7+! Nxh7 ( 16. ... Kxh7 17. Rh1+ +- ) 17. Bxe7 dxc3 18. Qd6 cxb2+ 19. 
Kb1 Nd7 20. Rh1 1-0

[Event "URS Team Ch"]
[Site "Moscow RUS"]
[Date "1972.??.??"]
[Round "?"]
[White "Karpov, Anatoly"]
[Black "Gipslis, Aivars"]
[Result "0-1"]
[WhiteElo "2630"]
[BlackElo "2560"]
[EventDate "1972.03.01"]

1. e4 d6 2. d4 Nf6 3. Nc3 g6 4. Bg5 c6 5. Qd2 {Black should better delay 
castling, depriving White of objects for the attack; at the same time he 
can prepare counterplay on the queenside with c7-c6 and b7-b5.} 5. ... 
Nbd7 6. f3 b5 {Another subtlety: Black delays his king's bishop's 
development in order to win a tempo, meeting Bh6 by Bf8xh6. } 7. Nh3 Bg7 
8. Bh6 ( {Quiet play with the kingside castling deserves attention: } 8. 
Nf2 O-O 9. a4 b4 10. Ncd1 a5 11. Be2 e5 12. c3 bxc3 13. bxc3 Re8 14. O-O {
Georgiev - Torre, Leningrad 1987} ) 8. ... O-O 9. Nf2 e5! {In view of the 
coming dark squared bishop exchange Black should put his pawns on the dark
squares. } 10. Bxg7 Kxg7 11. O-O-O Qa5 12. Kb1 Re8 13. h4 h5! {Hampering 
the white kingside attack; this method can also be seen in the King's 
Indian and in the Dragon. } 14. g4 Nb6 15. g5 Nfd7 16. a3 Rb8 17. f4!? ( 
17. Na2! = ) 17. ... Nc4 18. Qe1 ( 18. Bxc4 bxc4 19. Ka2 Qb6! 20. Rb1 Qxd4
) ( 18. Qc1 Nxa3+ ) 18. ... exf4 19. Nd3 Ne3 20. Rd2 c5! -/+ 21. Rf2 ( 21.
 Nxf4 b4! ) 21. ... b4 22. Na2 Rxe4 23. Rxf4 Rxf4 24. Nxf4 cxd4 25. axb4 
Qf5 26. Nd3 Ne5 27. Be2 Be6 28. Nac1 Rc8 29. Bd1 N5g4 30. Qd2 Kg8 31. Bxg4
hxg4 32. Ne1 Qe4 33. Rg1 Bf5! 34. Qd3 ( 34. Ncd3 Nxc2! 35. Nxc2 Qxd3 36. 
Qxd3 Bxd3 37. Rg2 g3 -+ ) 34. ... Qe5 35. Qa6 Qh2! 0-1

[Event "Saitek US Masters"]
[Site "Hawaii USA"]
[Date "1998.07.24"]
[Round "4"]
[White "Gufeld, Eduard"]
[Black "Gulko, Boris F"]
[Result "0-1"]
[WhiteElo "2465"]
[BlackElo "2585"]
[EventDate "1998.07.??"]

1. e4 d6 2. d4 Nf6 3. Nc3 g6 4. Be3 c6 5. Qd2 b5 6. f3 Bg7 7. O-O-O Nbd7 {
Sometimes, when castling short is impossible, Black castles queenside. } 
8. Bh6 Bxh6 9. Qxh6 b4 10. Nce2 e5 11. Nh3 Qe7 12. Nf2 Bb7 13. Kb1 O-O-O! 
14. Qe3 Kb8! {The black king pawn shelter is loosened, but in this 
particular situation White is unable to exploit this. } 15. Nc1 d5! 16. 
dxe5 Nxe5 17. Be2 dxe4 18. Nxe4 Nd5! 19. Qf2 f5 20. Nc5 f4! -/+ {xe3} 21. 
Nxb7 Qxb7 22. Nb3 Qb6 23. Qh4 a5 24. Nd2 Nc3+! 25. bxc3 Rxd2! -+ 26. Bc4 
bxc3+ 27. Bb3 Qd4 28. Rxd2 cxd2 29. c3 Qxc3 30. Qxf4 Ka8 31. Rd1 Rd8 32. 
Qf6 Rb8 33. Rxd2 Qxd2 34. Qxe5 a4 35. Qe4 axb3 36. Qxc6+ Ka7 37. Qc7+ Rb7 
38. Qc5+ Rb6 39. Qc7+ Ka6 40. Qc8+ Kb5 41. Qd7+ Qxd7 0-1